00659 2200205 4500001002100000005001700021008004100038035002400079043001500103082001000118090002100128100004900149245010700198260006700305300002500372650001400397850001200411990001500423990001500438YOGYA-0209000002618720090227024031.0 ind  0010-020900000026187 aYOPDYOG(M) a332.6 aYOG 332.6bYog H aYOGYAKARTA. Badan Koordinasi Penanaman Modal aHasil kegiatan inventarisasi dan koordinasi penyusunan usulan masukan materi deregulasi T.A. 1996/1997 aYogyakartabBadan Koordinasi Penanaman Modal Daerah DIYc[s.a] aiv, 31 lembarc32 cm aInvestasi aYOPDYOG a06A0013792 a06A0013793